Telecommunications switching, traffic and networks (Record no. 592385)
[ view plain ]
| 000 -LEADER | |
|---|---|
| fixed length control field | 00433nam a22001457a 4500 |
| 020 ## - INTERNATIONAL STANDARD BOOK NUMBER | |
| Qualifying information | Hard Cover |
| 040 ## - CATALOGING SOURCE | |
| Transcribing agency | RCMS |
| 082 ## - DEWEY DECIMAL CLASSIFICATION NUMBER | |
| Edition number | |
| Classification number | 621.382 FLO |
| 100 ## - MAIN ENTRY--PERSONAL NAME | |
| Personal name | J. E. Flood. |
| 9 (RLIN) | 97876 |
| 245 ## - TITLE STATEMENT | |
| Title | Telecommunications switching, traffic and networks |
| Statement of responsibility, etc. | Flood, J. E. |
| 260 ## - PUBLICATION, DISTRIBUTION, ETC. | |
| Place of publication, distribution, etc. | New Delhi: |
| Name of publisher, distributor, etc. | India Pearson Education, |
| Date of publication, distribution, etc. | 1999. |
| 300 ## - PHYSICAL DESCRIPTION | |
| Extent | xviii, 310 p. ill |
| 650 ## - SUBJECT ADDED ENTRY--TOPICAL TERM | |
| General subdivision | Telecommunication, Switching System. |
| 9 (RLIN) | 103030 |
| 942 ## - ADDED ENTRY ELEMENTS (KOHA) | |
| Source of classification or shelving scheme | |
| Koha item type | Book |
| Withdrawn status | Lost status | Source of classification or shelving scheme | Damaged status | Not for loan | Permanent Location | Current Location | Date acquired | Total Checkouts | Full call number | Barcode | Date last seen | Price effective from | Koha item type |
|---|---|---|---|---|---|---|---|---|---|---|---|---|---|
| NUST Baluchistan Campus (NBC) | NUST Baluchistan Campus (NBC) | 11/18/2022 | 621.382 FLO | rcms000364 | 11/18/2022 | 11/18/2022 | Book |
